000 01217nam0a22002771 4500
001 rc\3538935
005 20260407115937.0
021 _aRU
_b[70-61773]
035 _a(NLR Aleph) 007668608
090 _a6409164
_c6409164
100 _a20130115d1970 |||y0rusy50 ca
101 0 _arus
102 _aRU
105 _aa z |||||
200 1 _aВодный режим плодовых культур
_e[Сборник статей
_fРед. коллегия: д-р биол. наук М.Д. Кушниренко (отв. ред.) и др.]
_gАН МССР. Ин-т физиологии и биохимии растений
210 _aКишинев
_cБ. и.
_d1970
215 _a167 с., 2 л. ил.
_cчерт.
_d22
320 _aБиблиогр. в конце статей
606 _aПлодовые культуры
_xВодный режим
_jСборники
_2psbo
702 1 _aКушниренко
_bМ.Д.
_gМаргарита Даниловна
_4340
712 0 2 _aИнститут физиологии и биохимии растений
_cКишинев
_3RU\NLR\AUTH\889950066
_9395892
801 0 _aRU
_bNLR
_gpsbo
801 1 _aRU
_bELAR
_2rusmarc
852 _aNLR
_j70-5/3115
942 _cBOOK
980 _aNB